| 000 | 00348nam a2200097Ia 4500 | ||
|---|---|---|---|
| 008 | 241105s9999 xx 000 0 und d | ||
| 041 | _aeng | ||
| 100 |
_aHundekar Tejal _9181636 |
||
| 245 | _aLandscape Land Planning And Landscape Resource Management Policies For Village Rihe, Mulshi , Pune, | ||
| 260 |
_bBNCA-M Arch Landscape Architecture _aPune _c2023 |
||
| 999 |
_c362071 _d362071 |
||